000 00366nam a2200145Ia 4500
008 230711s9999||||xx |||||||||||||| ||und||
041 _aENG
082 _a624
_bAN-S
100 _aAnderson James M
245 0 _aIntroduction to surveying
250 _ast
260 _c1985
_aNew York
_bTata McGraw Hill Education Limited
650 _aCivil Engineering
942 _cBK
999 _c1029
_d1029